Digital risks in buildings (Record no. 122194)
[ view plain ]
| 000 -LEADER | |
|---|---|
| fixed length control field | 01856nam a22002897a 4500 |
| 008 - FIXED-LENGTH DATA ELEMENTS--GENERAL INFORMATION | |
| fixed length control field | 250703t2025 xxk|||||o|||| 00| 0 eng d |
| 020 ## - INTERNATIONAL STANDARD BOOK NUMBER | |
| ISBN | 9781783215492 |
| 041 ## - LANGUAGE CODE | |
| Language code of text/sound track or separate title | eng |
| 110 ## - MAIN ENTRY--CORPORATE NAME | |
| Corporate author | Royal Institution of Chartered Surveyors |
| 245 ## - TITLE STATEMENT | |
| Title | Digital risks in buildings |
| Medium | [Electronic resource] |
| 260 ## - PUBLICATION INFORMATION | |
| Place of publication | London, |
| Publisher | Royal Institution of Chartered Surveyors, |
| Date | June 2025 |
| 490 ## - SERIES TITLE | |
| Series statement | RICS Practice Information |
| 520 ## - ABSTRACT | |
| Abstract | The impacts of digital risks are not limited to the digital world. They can have a material impact on building operation, health and safety, income and building value. These risks can often be relatively simple and inexpensive to mitigate in advance, whereas they are often difficult and expensive to deal with after an incident occurs.<br/><br/>This paper explores how the risk profile of buildings is evolving due to technology, the implications for property professionals and suggested next steps. This paper is for property professionals working on commercial <br/>properties globally. The term ‘property professionals’ can include, <br/>but is not limited to, commercial property surveyors, facilities <br/>managers, contractors, building managers and occupiers. <br/>Many of the references in this paper are based on the UK market, <br/>but the themes and principles are applicable globally |
| 650 ## - KEYWORDS | |
| Keywords | BUILDING MANAGEMENT SYSTEMS |
| 650 ## - KEYWORDS | |
| Keywords | COMMERCIAL PROPERTY |
| 650 ## - KEYWORDS | |
| Keywords | CYBERSECURITY |
| 650 ## - KEYWORDS | |
| Keywords | OPERATIONAL TECHNOLOGY |
| 650 ## - KEYWORDS | |
| Keywords | RISK MANAGEMENT |
| 650 ## - KEYWORDS | |
| Keywords | SMART BUILDINGS |
| 650 ## - KEYWORDS | |
| Keywords | TECHNOLOGY |
| 651 ## - SUBJECT ADDED ENTRY--GEOGRAPHIC NAME | |
| Geographic name | International |
| 690 ## - BROAD SUBJECT | |
| Broad subject | Technology |
| 9 (RLIN) | 6348 |
| 700 ## - ADDED PERSONAL NAME | |
| Added personal author | Hughes, Dan |
| 710 ## - ADDED CORPORATE NAME | |
| Added corporate author | Royal Institution of Chartered Surveyors |
| 856 ## - ONLINE RESOURCE | |
| Uniform Resource Identifier | <a href="https://www.rics.org/content/dam/ricsglobal/documents/standards/Digital-risks-in-buildings-1st-edition.pdf">https://www.rics.org/content/dam/ricsglobal/documents/standards/Digital-risks-in-buildings-1st-edition.pdf</a> |
| Public note | Available free on RICS.org |
| 942 ## - ADDED ENTRY ELEMENTS (KOHA) | |
| Suppress in OPAC | Do not suppress in OPAC |
| Lost status | Source of classification or shelving scheme | Damaged status | Not for loan | Current library | Shelving location | Date acquired | Total Checkouts | Full call number | Date last seen | Price effective from | Koha item type |
|---|---|---|---|---|---|---|---|---|---|---|---|
| Dewey Decimal Classification | Virtual | Online | 03/07/2025 | ONLINE PUBLICATION | 03/07/2025 | 03/07/2025 | Online material |